Pohon emas dan cerita-cerita lain

Bibliographic Details
Other Authors: Nazel Hashim Mohamad (diceritakan semula)
Format: Book
Published: Kuala Lumpur : Pustaka Cita Tinggi , 2001
Series:Siri cerita rakyat dunia
Subjects:

MARC

LEADER 00000cam a2200000 7i4500
001 0000048708
005 20011009.0
020 |a 9830232891 
090 0 0 |a JF   |b POH 
245 0 0 |a Pohon emas dan cerita-cerita lain 
260 |a Kuala Lumpur :   |b Pustaka Cita Tinggi ,   |c 2001 
300 |a 57p. :   |b ill. ;   |c 20cm. 
490 0 |a Siri cerita rakyat dunia 
650 0 0 |a Children's stories 
700 0 |a Nazel Hashim Mohamad ,   |e diceritakan semula 
999 |a 00108815   |b BUKU   |c PINJAMAN   |e PERPUSTAKAAN KOMUNITI CAW KOTA DAMANSARA 
999 |a 00108817   |b BUKU   |c PINJAMAN   |e PERPUSTAKAAN KOMUNITI CAW KOTA DAMANSARA